Intensive Coronary Care / (Record no. 594558)
[ view plain ]
| 000 -LEADER | |
|---|---|
| fixed length control field | 00807cam a2200265 i 4500 |
| 001 - CONTROL NUMBER | |
| control field | 4602064 |
| 005 - DATE AND TIME OF LATEST TRANSACTION | |
| control field | 20230420105147.0 |
| 008 - FIXED-LENGTH DATA ELEMENTS--GENERAL INFORMATION | |
| fixed length control field | 760406s1974 sz a i000 0 eng |
| 010 ## - LIBRARY OF CONGRESS CONTROL NUMBER | |
| LC control number | 76357322 |
| 015 ## - NATIONAL BIBLIOGRAPHY NUMBER | |
| National bibliography number | Sw*** |
| 020 ## - INTERNATIONAL STANDARD BOOK NUMBER | |
| International Standard Book Number | 924154046X : |
| Terms of availability | 12.00F |
| 040 ## - CATALOGING SOURCE | |
| Original cataloging agency | DLC |
| Transcribing agency | DLC |
| Modifying agency | DLC |
| 050 00 - LIBRARY OF CONGRESS CALL NUMBER | |
| Classification number | RC685.I6 |
| Item number | O4 |
| 082 00 - DEWEY DECIMAL CLASSIFICATION NUMBER | |
| Classification number | 610.7 |
| Author Mark | DEA |
| 100 1# - MAIN ENTRY--PERSONAL NAME | |
| Personal name | Deal, Jacquelyn |
| 9 (RLIN) | 111982 |
| 245 10 - TITLE STATEMENT | |
| Title | Intensive Coronary Care / |
| Statement of responsibility, etc. | Deal, Jacquelyn |
| 260 ## - PUBLICATION, DISTRIBUTION, ETC. | |
| Place of publication, distribution, etc. | USA, |
| Date of publication, distribution, etc. | 1996. |
| 300 ## - PHYSICAL DESCRIPTION | |
| Extent | 80 p. : |
| Other physical details | ill. ; |
| Dimensions | 24 cm. |
| 650 #0 - SUBJECT ADDED ENTRY--TOPICAL TERM | |
| Topical term or geographic name entry element | Myocardial infarction. |
| 9 (RLIN) | 111983 |
| 650 #0 - SUBJECT ADDED ENTRY--TOPICAL TERM | |
| Topical term or geographic name entry element | Coronary care units. |
| 9 (RLIN) | 111984 |
| 700 1# - ADDED ENTRY--PERSONAL NAME | |
| Personal name | Julian, Desmond G. |
| Fuller form of name | (Desmond Gareth), |
| Relator term | joint author. |
| 9 (RLIN) | 111985 |
| 700 1# - ADDED ENTRY--PERSONAL NAME | |
| Personal name | Brown, Myra G., |
| Relator term | joint author. |
| 9 (RLIN) | 111986 |
| 906 ## - LOCAL DATA ELEMENT F, LDF (RLIN) | |
| a | 7 |
| b | cbc |
| c | orignew |
| d | 4 |
| e | ncip |
| f | 19 |
| g | y-gencatlg |
| 942 ## - ADDED ENTRY ELEMENTS (KOHA) | |
| Source of classification or shelving scheme | |
| Koha item type | Book |
| Withdrawn status | Lost status | Source of classification or shelving scheme | Damaged status | Not for loan | Permanent Location | Current Location | Shelving location | Date acquired | Total Checkouts | Full call number | Barcode | Date last seen | Price effective from | Koha item type |
|---|---|---|---|---|---|---|---|---|---|---|---|---|---|---|
| School of Mechanical & Manufacturing Engineering (SMME) | School of Mechanical & Manufacturing Engineering (SMME) | General Stacks | 04/20/2023 | 610.7 DEA | SMME-3816 | 04/20/2023 | 04/20/2023 | Book |
